000 00774na a2200253 4500
001 20884
003 MIRAKIL
005 20181213155148.0
008 170127b tu 000 0
040 _aMilas
_btur
_cTR-AnCHP
041 _atur
082 _a324.2372
_bC85 1998
090 _a324.2372 C85 1998
110 _aCumhuriyetçi Türk Partisi (CTP)
245 _aCumhuriyetçi Türk Partisi
_bProgram-tüzük
_cCTP
246 _aProgram-tüzük
260 _aLefkoşa
_bCTP
_c1998
300 _a76 s.
_c16 s.
610 _aCumhuriyetçi Türk Partisi (CTP)
_xProgramlar, 1998
610 _aCumhuriyetçi Türk Partisi (CTP)
_xTüzükler, 1998
650 _aSosyal demokrat partiler
_zKıbrıs
710 _aCumhuriyetçi Türk Partisi (CTP)
942 _2ddc
_cBKS
999 _c7773
_d7773